000
00316nam a2200109Ia 4500
008
191111s9999 xx 000 0 und d
020
_a
9780745691350
100
_a
Highfield, Tim.
245
_c
Tim Highfield.--
_a
Social media and everyday politics /
260
_a
USA :
_b
Polity Press
_c
2016
300
_a
xi, 211 pages.
999
_c
362624
_d
362624